| 000 | 00000nas 2200000zi 4500 |
| 001 | 9.922437 |
| 003 | CaOODSP |
| 005 | 20240306104742 |
| 006 | m o d f |
| 007 | cr cn||||||||| |
| 008 | 230509c20229999oncar p o f0###a0eng|d |
| 022 | |a2817-2078|y2817-3384|y2817-3392 |
| 040 | |aCaOODSP|beng|erda|cCaOODSP |
| 043 | |an-cn--- |
| 086 | 1 |aM41-1/6E-PDF |
| 110 | 2 |aGeological Survey of Canada.|eauthor. |
| 222 | 0|aYear in review |b(Geological Survey of Canada. Online) |
| 245 | 10|aYear in review / |cGeological Survey of Canada. |
| 246 | 3 |aGeological Survey of Canada year in review |
| 264 | 1|a[Ottawa] : |bNatural Resources Canada = Ressources naturelles Canada, |c2023- |
| 310 | |aAnnual |
| 336 | |atext|btxt|2rdacontent |
| 337 | |acomputer|bc|2rdamedia |
| 338 | |aonline resource|bcr|2rdacarrier |
| 362 | 1 |aBegan with: 2021/2022. |
| 490 | 1 |aGeneral information product |
| 500 | |aIssued also in French under title: Bilan de l'année. |
| 588 | |aDescription based on: 2021/2022. |
| 588 | |aLatest issue consulted: 2021/2022. |
| 610 | 20|aGeological Survey of Canada|vPeriodicals. |
| 650 | 0|aNatural resources|zCanada|xManagement|vPeriodicals. |
| 655 | 7|aPeriodicals|2lcgft |
| 710 | 1 |aCanada. |bNatural Resources Canada, |eissuing body. |
| 775 | 08|tBilan de l'année / |w(CaOODSP)9.922438 |
| 780 | 00|tReport on results and delivery / |w(CaOODSP)9.905630 |
| 830 | #0|aGeneral information product (Canada. Natural Resources Canada)|w(CaOODSP)9.822750 |